[Event "Godal mem"]
[Site "HUN"]
[Date "1999.??.??"]
[Round "6"]
[White "Eberth, Zoltan"]
[Black "Barabas, Tibor"]
[Result "0-1"]
[WhiteElo "2270"]
[BlackElo "2110"]

1.e4 c5 2.Nc3 Nc6 3.Nf3 Nf6 4.d4 cxd4 5.Nxd4 a6 6.Nxc6 bxc6 7.e5 Ng8 8.Bc4 e6
9.O-O Ne7 10.Ne4 Ng6 11.f4 Be7 12.Be3 O-O 13.Qd4 f6 14.exf6 gxf6 15.f5 Ne5
16.Bh6 d5 17.Bxf8 Qxf8 18.Bb3 dxe4 19.fxe6 a5 20.a4 Ba6 21.Rf5 Rd8 22.Qxe4 Qg7
23.Re1 Rd2 24.Rh5 Qg6 25.Qxg6+ hxg6 26.Rh4 c5 27.Rhe4 c4 28.Ba2 Rxc2 29.R4e2 Rxe2
30.Rxe2 Bc8 31.b3 c3 32.Bb1 Bxe6 33.Bxg6 Bc5+ 34.Kf1 Bxb3 35.Bc2 Bc4 36.Ke1  0-1

[Event "Internet Wch m 1st"]
[Site "Internet"]
[Date "1999.??.??"]
[Round "5"]
[White "Schmaltz, Roland"]
[Black "Dlugy, Maxim"]
[Result "0-1"]
[WhiteElo "2502"]
[BlackElo "2531"]

1.e4 c5 2.Nc3 Nc6 3.Nf3 e5 4.d4 cxd4 5.Nd5 d6 6.Bg5 f6 7.Bd2 Be6 8.Bc4 Qd7
9.c3 dxc3 10.Bxc3 Rc8 11.Qd2 Nge7 12.Rd1 Bxd5 13.Bxd5 Nxd5 14.Qxd5 Qf7 15.Qd3 Qxa2
16.O-O Qe6 17.Nh4 g6 18.f4 exf4 19.Rxf4 Be7 20.Rdf1 O-O 21.Qg3 Ne5 22.Nf5 Kh8
23.Ne3 b5 24.Nd5 Bd8 25.Kh1 a5 26.h4 b4 27.Bd4 Rc4 28.Qe3 a4 29.h5 g5 30.Rf5 h6
31.Bxe5 dxe5 32.Qa7 Rxe4 33.Ne3 Qe7 34.Qxe7 Bxe7 35.Nd5 Bd8 36.Rc1 Rd4 37.Ne3 a3
38.bxa3 bxa3 39.Rc6 Ra4 40.Nc2 a2 41.Rf1 f5 42.Na1 Rf6 43.Rc8 Rd4 44.Kh2 g4
45.Rf2 f4 46.Rxa2 Rf5 47.g3 Rxh5+ 48.Kg1 Rd1+ 49.Kg2 f3+ 50.Kf2 Rh2+ 51.Ke3 Rxa2
52.Rxd8+  0-1

[Event "Internet Wch m 1st"]
[Site "Internet"]
[Date "1999.??.??"]
[Round "13"]
[White "Schmaltz, Roland"]
[Black "Dlugy, Maxim"]
[Result "0-1"]
[WhiteElo "2502"]
[BlackElo "2531"]

1.e4 c5 2.Nc3 Nc6 3.Nf3 Nf6 4.d4 cxd4 5.Nxd4 d6 6.Nb3 e5 7.Bd3 Be7 8.O-O Be6
9.f4 exf4 10.Bxf4 d5 11.e5 Ng4 12.Qd2 Qb6+ 13.Kh1 d4 14.Na4 Qc7 15.Rae1 Rd8
16.h3 Ngxe5 17.Bxe5 Nxe5 18.Bb5+ Kf8 19.Nxd4 Bd5 20.Nc3 Bc6 21.Ne6+ Kg8 22.Nxc7 Rxd2
23.Bxc6 Nxc6 24.N3d5 Bf8 25.Re8 h6 26.c4 Rxb2 27.Rf3 Rxa2 28.Nb5 Kh7 29.Rxf7 Bc5
30.Re1 Rf8 31.Rxb7 a6 32.Nbc7 Rff2 33.Ne6 Rxg2 34.Nxc5 Rh2+ 35.Kg1 Nd4 36.Rf7 Rag2+
37.Kf1 Kg6 38.Rf4 Ne2 39.Rxe2 Rxe2 40.Rf3 Ra2 41.Nf4+ Kh7 42.Kg1 Rhc2 43.Ne4 Rxc4
44.Rf1 Rxe4 45.Ng2 Ree2 46.Ne1 Ra1 47.Nf3 Rxf1+ 48.Kxf1 Re3 49.Nd4 Rxh3 50.Kg2 Rd3
51.Ne6 Rd2+ 52.Kf3 Rd3+ 53.Ke4 Rd6 54.Nf8+ Kg8 55.Ke5 Re6+  0-1

[Event "Internet Wch m 1st"]
[Site "Internet"]
[Date "1999.??.??"]
[Round "15"]
[White "Schmaltz, Roland"]
[Black "Dlugy, Maxim"]
[Result "1-0"]
[WhiteElo "2502"]
[BlackElo "2531"]

1.e4 c5 2.Nc3 Nc6 3.Nf3 Nf6 4.d4 cxd4 5.Nxd4 d6 6.Nb3 e5 7.Bd3 Be7 8.O-O Be6
9.Kh1 d5 10.exd5 Nxd5 11.Nxd5 Bxd5 12.Qe2 O-O 13.Nd2 Nd4 14.Qd1 Qd7 15.c3 Qc6
16.f3 Ne6 17.Qe2 Nf4 18.Qxe5 Nxd3 19.Qxe7 Rae8 20.Qh4 Re2 21.Ne4 Bxe4 22.fxe4 Rxe4
23.Qg3 Nxc1 24.Raxc1 Re2 25.Rb1 Qb6 26.h3 Rxb2 27.Rbd1 Rxa2 28.Rd7 Re2 29.Rdxf7 Rxg2
30.Rxg7+ Kh8 31.Rxf8+  1-0

[Event "Kharkov"]
[Site "Kharkov"]
[Date "1999.??.??"]
[Round "1"]
[White "Tikhomirov, Alexey"]
[Black "Zatonskih, Anna"]
[Result "1-0"]
[WhiteElo "2319"]
[BlackElo "2326"]

1.e4 c5 2.Nf3 Nc6 3.Nc3 e6 4.Bb5 Nge7 5.O-O a6 6.Bxc6 Nxc6 7.d4 cxd4 8.Nxd4 Qc7
9.Nxc6 Qxc6 10.Qd4 b5 11.a3 Qc5 12.Qd3 Be7 13.Bf4 Bb7 14.Rfd1 O-O-O 15.b4 Qc6
16.Rab1 Bf6 17.Rb3 d5 18.exd5 exd5 19.f3 Rhe8 20.Bg3 Qc4 21.Rd2 Re6 22.Ne2 d4
23.Nf4 Re5 24.Rb1 g6 25.Re2 Re3 26.Qd2 Rde8 27.Rbe1 Be5 28.Nd3 Bxg3 29.hxg3 Qe6
30.Kf2 Rxe2+ 31.Rxe2 Qxe2+ 32.Qxe2 Rxe2+ 33.Kxe2 Kc7 34.Nc5 Bc8 35.Kd3 Bf5+
36.Kxd4 Bxc2 37.Nxa6+ Kd6 38.Nc5 Bd1 39.Nd3 Be2 40.g4 Bd1  1-0

[Event "Klatovy op-A"]
[Site "Klatovy"]
[Date "1999.??.??"]
[Round "5"]
[White "Simacek, Pavel"]
[Black "Folk, Petr"]
[Result "1-0"]
[WhiteElo "2380"]
[BlackElo "2246"]

1.e4 c5 2.Nc3 Nc6 3.Nf3 e6 4.Bb5 Nge7 5.O-O a6 6.Bxc6 Nxc6 7.b3 d6 8.Bb2 Be7
9.Ne2 Bf6 10.d4 cxd4 11.Nexd4 Bd7 12.c4 O-O 13.Qd2 Nxd4 14.Bxd4 Bc6 15.Rfe1 Bxd4
16.Nxd4 Qc7 17.Rad1 Rfd8 18.Re3 Rac8 19.f3 b5 20.cxb5 axb5 21.Rc1 Qb6 22.Rec3 e5
23.Rxc6 Rxc6 24.Rxc6 Qa7 25.Kf1 exd4 26.Qg5 Rf8 27.Qxb5 Qxa2 28.Rxd6 h6 29.h3 Qa3
30.Rc6 Qa1+ 31.Kf2 Ra8 32.Kg3 Qe1+ 33.Kh2 Qe3 34.Kg3 d3 35.Rd6 d2 36.Qd5 Rb8
37.Rd7 Qxb3 38.Qxd2 Qe6 39.Rd8+ Rxd8 40.Qxd8+ Kh7 41.Qd5 Qe7 42.f4 f6 43.e5 fxe5
44.Qe4+ Kg8 45.fxe5 Qg5+ 46.Kf3 Qh5+ 47.Ke3 Qg5+ 48.Kd3 Qg3+ 49.Ke2  1-0

[Event "EU-ch02 blind "]
[Site "Krynica"]
[Date "1999.??.??"]
[Round "5"]
[White "Draganov, Ruslan"]
[Black "Dukaczewski, Piotr"]
[Result "1/2-1/2"]
[WhiteElo "2205"]
[BlackElo "2305"]

1.e4 c5 2.Nf3 Nc6 3.Nc3 d6 4.d4 cxd4 5.Nxd4 Nf6 6.Be2 e5 7.Nb3 Be7 8.O-O O-O
9.Kh1 a5 10.a4 Nb4 11.f4 b6 12.Nd5 Nfxd5 13.exd5 Bf5 14.c3 Bc2 15.Qd2 Bxb3
16.cxb4 axb4 17.Bb5 Rc8 18.Bc6 Bc4 19.Re1 b3 20.fxe5 dxe5 21.Rxe5 Bd6 22.Re4 Qf6
23.Qd4 Qf1+ 24.Qg1 Qxg1+ 25.Kxg1 Bd3 26.Rd4 Bc5 27.Be3 Bc2 28.Re1 Rfe8 29.Kf2 Bxd4
30.Bxd4 Rxe1 31.Kxe1 Be4 32.Bxb6 Bxg2 33.a5 Rxc6 34.dxc6 Bxc6 35.Kd2 f5 36.Kc3 Bd5
37.Kd4 Bf3 38.Ke5 Be4 39.Ke6 h6 40.h4 Kh7 41.Bd8 f4 42.Ke5 f3 43.Bb6 Bb7
44.Kf5 Kg8 45.Kf4 Kf7 46.a6 Ba8 47.Bd4 Ke6 48.Kg3 g5 49.hxg5 hxg5 50.Kg4 Kd5
51.Bg1 Ke4 52.Kxg5 Kd3 53.Kf4 Kc2 54.Bd4 f2 55.Bxf2 Kxb2  1/2-1/2

[Event "EU-ch02 blind "]
[Site "Krynica"]
[Date "1999.??.??"]
[Round "7"]
[White "Wolak, Tomasz"]
[Black "Murin, Miroslav"]
[Result "0-1"]
[WhiteElo "2105"]
[BlackElo "1775"]

1.e4 c5 2.Nf3 Nc6 3.Nc3 Nf6 4.Bc4 e6 5.O-O d6 6.d4 cxd4 7.Nxd4 Be7 8.Re1 O-O
9.Nxc6 bxc6 10.e5 dxe5 11.Qxd8 Rxd8 12.Rxe5 Rb8 13.Re2 Rb7 14.Ba6 Rbd7 15.Bd3 Nd5
16.Nxd5 Rxd5 17.Be3 Bb4 18.f3 c5 19.Kf2 Ba5 20.Bc4 R5d6 21.a4 a6 22.c3 Bb7
23.Ke1 Bd5 24.Bxd5 Rxd5 25.Rb1 c4 26.Rd2 Kf8 27.Rbd1 Ke8 28.Rxd5 Rxd5 29.Rxd5 exd5
30.Bd4 g6 31.Ke2 Bc7 32.g3 Kd7 33.Ke3 Ke6 34.Bc5 h5 35.f4 Kd7 36.Kd4 Kc6
37.Be7 Bb8 38.Bd8 Bd6 39.a5 Bb8 40.Be7 Bc7 41.Bf8 h4 42.Be7 hxg3 43.hxg3 Bb8
44.Bd8 Bd6 45.Ke3 Bc5+ 46.Kf3 d4 47.Ke2 Kb5 48.Kd1 Ka4 49.Bb6 Kb5 50.Bc7 d3
51.Kd2 f5 52.Bd8 Bf2 53.b3 Bxg3 54.bxc4+ Kxc4 55.Bg5 Bf2 56.Bf6 Bc5 57.Be5 Be7
58.Bc7 g5 59.Be5 gxf4 60.Kd1 Bd8  0-1

[Event "EU-ch02 blind "]
[Site "Krynica"]
[Date "1999.??.??"]
[Round "7"]
[White "Bjerring, Kai"]
[Black "Debowska, Teresa"]
[Result "1-0"]
[WhiteElo "2305"]
[BlackElo "2100"]

1.e4 c5 2.Nf3 Nc6 3.Nc3 g6 4.d4 cxd4 5.Nxd4 Bg7 6.Be3 Nf6 7.Nxc6 bxc6 8.e5 Nd5
9.Nxd5 cxd5 10.Qxd5 Rb8 11.Bxa7 Rxb2 12.Bd4 Rxc2 13.Bd3 Rc6 14.O-O e6 15.Qe4 Qa5
16.a4 O-O 17.Bb5 Rc7 18.Qe3 Rc2 19.Rac1 Rxc1 20.Rxc1 Qa8 21.Bc5 Re8 22.f3 Qd5
23.Bd6 f6 24.Rc5 Qd1+ 25.Kf2 fxe5 26.Bxe5 Bxe5 27.Qxe5 Qd2+ 28.Kg3 d6 29.Qc3 Qxc3
30.Rxc3 Rd8 31.Rc7 e5 32.Bc4+ d5 33.Bxd5+ Rxd5 34.Rxc8+ Kg7 35.Rc7+ Kh6 36.Rc2 Kg5
37.Ra2 Ra5 38.Kf2 h5 39.Ke3 Kf5 40.Kd3 Kf4 41.Kc4 g5 42.Kb4 Ra8 43.a5 g4
44.fxg4 hxg4 45.a6 Ke3 46.Kc4 e4 47.a7 Kf4 48.Kb5 Ke3 49.Kb6 Kd3 50.Kb7 Rxa7+
51.Kxa7 e3  1-0

[Event "EU-ch02 blind "]
[Site "Krynica"]
[Date "1999.??.??"]
[Round "8"]
[White "Dukaczewski, Piotr"]
[Black "Zsiltzova Lisenko, Lubov"]
[Result "0-1"]
[WhiteElo "2305"]
[BlackElo "2235"]

1.e4 c5 2.Nf3 Nc6 3.Nc3 g6 4.d4 cxd4 5.Nxd4 Bg7 6.Be3 Nf6 7.Bc4 O-O 8.h3 Nxe4
9.Nxe4 d5 10.Nxc6 bxc6 11.O-O dxc4 12.c3 Bf5 13.Nc5 Qd5 14.Qc1 Bd3 15.Rd1 Qf5
16.Qd2 Rfd8 17.f3 Rd5 18.Qf2 a5 19.Re1 a4 20.a3 Ra5 21.g4 Qc8 22.Rad1 e5
23.Nxd3 cxd3 24.c4 Rd7 25.Bb6 Ra6 26.Bc5 Qb7 27.f4 Qb3 28.fxe5 Qxc4 29.Bb4 Ra8
30.Bc3 Re8 31.Re3 Bf8 32.Kh2 Bc5 33.Qf3 Bxe3 34.Qxe3 Qe6 35.Rxd3 Red8 36.Rxd7 Rxd7
37.Qe4 Ra7 38.Qd4 Ra8 39.Kg3 Qd5 40.Qf4 c5 41.h4 Qd3+ 42.Kf2 Qc2+ 43.Kg3 Rd8
44.h5 Qe2 45.Kh4 Rd5 46.Kg5 Rd3 47.hxg6 hxg6 48.e6 Rd5+ 49.Kh6 Rh5+  0-1

[Event "La Coruna op 10th"]
[Site "La Coruna"]
[Date "1999.??.??"]
[Round "6"]
[White "Gonzalez, Julio"]
[Black "Ivanov, Jordan"]
[Result "1-0"]
[WhiteElo "2215"]
[BlackElo "2400"]

1.e4 c5 2.Nc3 Nc6 3.Nge2 Nf6 4.d4 cxd4 5.Nxd4 d6 6.Bg5 e6 7.Bb5 Bd7 8.Bxc6 bxc6
9.Qf3 h6 10.Bh4 Qb6 11.O-O-O Rb8 12.b3 Be7 13.Rhe1 c5 14.Nde2 Bc6 15.Bg3 e5
16.Bh4 g5 17.Bg3 c4 18.Rxd6 cxb3 19.axb3 Bxd6 20.Qxf6 Kd7 21.Rd1 Qc5 22.Bxe5 Qa3+
23.Kb1 Rxb3+ 24.cxb3 Bxe4+ 25.Nxe4 Qxb3+ 26.Kc1 Rc8+ 27.N2c3  1-0

[Event "Cleopatra op"]
[Site "Mamaia"]
[Date "1999.??.??"]
[Round "4"]
[White "Marjanovic, Slavoljub"]
[Black "Nemeth, Francisc"]
[Result "1/2-1/2"]
[WhiteElo "2451"]
[BlackElo "2280"]

1.e4 c5 2.Nc3 Nc6 3.Nge2 e5 4.Nd5 g6 5.Nec3 Nf6 6.Bc4 Bg7 7.d3 Nxd5 8.Nxd5 d6
9.a3 Be6 10.c3 O-O 11.h4 h6 12.h5 g5 13.g4 Ne7 14.Nxe7+ Qxe7 15.f3 Rad8 16.Qb3 d5
17.exd5 Bc8 18.Be3 b6 19.Qc2 Qd6 20.O-O-O Qb8 21.Kb1 Bb7 22.Qb3 Qd6 23.d4 b5
24.dxc5 bxc4  1/2-1/2

[Event "Fide Mercenarios 39th"]
[Site "Mexico"]
[Date "1999.??.??"]
[Round "9"]
[White "Casillas Pellat, Jose Jesus"]
[Black "Capistran, Javier"]
[Result "0-1"]
[WhiteElo "2150"]
[BlackElo "2195"]

1.e4 c5 2.Nf3 Nc6 3.Nc3 g6 4.Bc4 Bg7 5.d3 Nf6 6.Bg5 O-O 7.Qd2 Nd4 8.Nxd4 cxd4
9.Ne2 Qb6 10.Bb3 e5 11.f3 a5 12.a4 Qc5 13.g4 d6 14.Ng3 Be6 15.Bxe6 fxe6 16.Ke2 Rf7
17.h4 h6 18.Bxf6 Rxf6 19.g5 Rf4 20.h5 hxg5 21.hxg6 Qb4 22.c3 Qb6 23.Nh5 Rh4
24.Rxh4 gxh4 25.Rh1 dxc3 26.bxc3 Qd8 27.Qe1 Qg5 28.Rxh4 Bh6 29.f4 exf4 30.Kf3 Rf8
31.Qh1 d5 32.Qh3 dxe4+ 33.dxe4 Qe5 34.Nf6+ Rxf6 35.Rxh6 Qxc3+ 36.Kg4 Qxh3+
37.Rxh3 f3 38.Rh1  0-1

[Event "Mondariz-B"]
[Site "Mondariz"]
[Date "1999.??.??"]
[Round "1"]
[White "Mitkov, Nikola"]
[Black "Bueno Abalo, Manuel"]
[Result "1-0"]
[WhiteElo "2505"]
[BlackElo "2175"]

1.e4 c5 2.Nc3 Nc6 3.Nf3 Nf6 4.Bb5 Nd4 5.e5 Nxb5 6.Nxb5 Nd5 7.Ng5 f6 8.Qf3 fxg5
9.Qxd5 e6 10.Qf3 Be7 11.O-O g6 12.d3 Rf8 13.Qh3 h5 14.g4 a6 15.Nc3 Qc7 16.f4 gxf4
17.Bxf4 b6 18.gxh5 Bb7 19.hxg6 O-O-O 20.g7 Rg8 21.Qh7 c4 22.h3 Bc5+ 23.Kh2 cxd3
24.cxd3 Qc6 25.Ne4 Qb5 26.b3 Kb8 27.Rad1 Bxe4 28.Qxe4 Rxg7 29.d4 Be7 30.Rf2 Rh8
31.d5 Rgh7 32.Rf3 Qa5 33.a4 Qc5 34.Be3 Qa3 35.dxe6 Rh4 36.Qc2 dxe6 37.Bxb6 Rc8
38.Rc3 Rhh8 39.Rd7 Rxc3 40.Qxc3 Qa2+ 41.Rd2  1-0

[Event "Nigran op 13th"]
[Site "Nigran"]
[Date "1999.??.??"]
[Round "2"]
[White "Torrado Quintela, Julio"]
[Black "Adla, Diego"]
[Result "0-1"]
[WhiteElo "2090"]
[BlackElo "2470"]

1.e4 c5 2.Nc3 Nc6 3.Nge2 g6 4.d4 cxd4 5.Nxd4 Bg7 6.Be3 Nf6 7.Nb3 O-O 8.Be2 a6
9.a4 b6 10.O-O d6 11.f4 Bb7 12.Bf3 e5 13.f5 Nb4 14.fxg6 hxg6 15.Qe2 Rc8 16.Qf2 Rc6
17.Rad1 Qc7 18.Rd2 Bc8 19.Rc1 Ng4 20.Bxg4 Bxg4 21.h3 Bd7 22.Nd5 Nxd5 23.exd5 Rc4
24.Bxb6 Qc8 25.a5 f5 26.c3 Bh6 27.Be3 f4 28.Bb6 f3 29.Qg3 Kg7 30.Rf1 Ba4
31.Nd4 Be3+ 32.Kh1 exd4  0-1

[Event "Nigran op 13th"]
[Site "Nigran"]
[Date "1999.??.??"]
[Round "4"]
[White "Leiro Giralt, Daniel"]
[Black "Rivas Vila, David"]
[Result "1/2-1/2"]
[WhiteElo "2230"]
[BlackElo "2055"]

1.e4 c5 2.Nc3 Nc6 3.Nge2 g6 4.d4 cxd4 5.Nxd4 Bg7 6.Nde2 Nf6 7.g3 O-O 8.Bg2 d6
9.O-O Rb8 10.a4 a6 11.h3 b5 12.axb5 axb5 13.Nd5 Nd7 14.Rb1 e6 15.Ne3 Nde5
16.b3 Ne7 17.Qd2 Qb6 18.Bb2 Rd8 19.Rfd1 Ba6 20.Bd4 Qc7 21.Ra1 Bb7 22.f4 N5c6
23.Bxg7 Kxg7 24.f5 Ne5 25.Rf1 exf5 26.exf5 Ng8 27.Nf4 Bxg2 28.Kxg2 Qb7+ 29.Nfd5 f6
30.fxg6 hxg6 31.Qf2 Ra8 32.Kh2 Rxa1 33.Rxa1  1/2-1/2

[Event "Nigran op 13th"]
[Site "Nigran"]
[Date "1999.??.??"]
[Round "9"]
[White "Garcia Castro, Pablo"]
[Black "Garcia Melgar, Juan Pablo"]
[Result "1-0"]
[WhiteElo "2195"]
[BlackElo "2235"]

1.e4 c5 2.Nc3 Nc6 3.Nge2 d6 4.g3 g6 5.Bg2 Bg7 6.O-O e5 7.d3 Nge7 8.Be3 Be6
9.f4 Nd4 10.Rb1 Qd7 11.a3 O-O 12.Qd2 Rab8 13.Nd1 Rbc8 14.Nc1 exf4 15.Bxf4 f5
16.c3 Ndc6 17.b4 fxe4 18.Bxe4 Nd5 19.Ne2 b6 20.Ne3 Nxe3 21.Bxe3 d5 22.Bg2 d4
23.Bxc6 Rxf1+ 24.Rxf1 Rxc6 25.cxd4 cxd4 26.Bh6 Bf5 27.Bxg7 Kxg7 28.Qf4 Rc8
29.Nxd4 Bxd3 30.Rd1 Bc4 31.Qe5+ Kg8 32.Re1 Qf7 33.Qe3 Qf6 34.b5 Rf8 35.a4 Bd5
36.Ne2 Qf3 37.Qxf3 Rxf3 38.Nf4 Bb3 39.Re8+ Kf7 40.Ra8 g5 41.Rxa7+ Kf6 42.Ne2 Bc4
43.Nd4 Rd3 44.Nc6 Kf5 45.Rxh7 Rd1+ 46.Kf2 Rd2+ 47.Ke3 Rd3+ 48.Kf2 Rd2+ 49.Ke1 Ra2
50.Ra7 Rxh2 51.a5 Bxb5 52.Nd4+ Ke4 53.Nxb5 bxa5 54.Rxa5 Kf3 55.Ra3+ Kg4 56.Nd4 Rh1+
57.Kf2 Rh2+ 58.Kf1 Kh3 59.Ne2 Kg4 60.Re3 Kh3 61.Re8 Kg4 62.Kg1 Rh7 63.Kg2 Ra7
64.Re4+ Kf5 65.Rc4 Ra2 66.g4+ Ke5 67.Kf3 Ra1 68.Rc5+ Kf6 69.Nc3 Rf1+ 70.Ke3 Re1+
71.Kd4 Kg6 72.Ne4 Rg1 73.Rxg5+ Kh6 74.Ke5 Re1 75.Rf5 Kg6 76.Rf6+ Kg7 77.g5 Rg1
78.Ra6 Re1 79.Kf5 Rf1+ 80.Kg4 Rg1+ 81.Ng3 Kh7 82.Kh4 Rg2 83.g6+ Kh8  1-0

[Event "Nigran op 13th"]
[Site "Nigran"]
[Date "1999.??.??"]
[Round "9"]
[White "Prol Nogueira, Iago"]
[Black "Gonzalez Diaz, Diego"]
[Result "0-1"]
[WhiteElo "2045"]
[BlackElo "2220"]

1.e4 c5 2.Nc3 Nc6 3.Nf3 g6 4.d4 cxd4 5.Nxd4 Bg7 6.Be3 Nf6 7.Be2 O-O 8.Nb3 d6
9.O-O Be6 10.f4 Qc8 11.h3 Rd8 12.Bf3 Bc4 13.Rf2 d5 14.exd5 Nxd5 15.Bxd5 Bxc3
16.bxc3 Bxd5 17.Qe1 Qf5 18.Nd4 Qh5 19.Nxc6 Bxc6 20.Bd4 Rd7 21.Qe3 Rad8 22.Re1 b6
23.f5 Bd5 24.a3 gxf5 25.Qe5 f6 26.Qxf5 Qxf5 27.Rxf5 Kf7 28.g4 Rc8 29.Ref1 Be4
30.R5f2 Kg6 31.h4 h5 32.g5 f5 33.Kh2 Rd5 34.Rd2 e5 35.Be3 Rxd2+ 36.Bxd2 Bxc2
37.Re1 Rd8 38.Bc1 Be4 39.Kg3 Rd3+ 40.Re3 f4+  0-1

[Event "Nigran op 13th"]
[Site "Nigran"]
[Date "1999.??.??"]
[Round "9"]
[White "Gonzalez Diaz, Julio"]
[Black "Rivas Vila, David"]
[Result "1/2-1/2"]
[WhiteElo "2215"]
[BlackElo "2055"]

1.e4 c5 2.Nc3 Nc6 3.Nge2 g6 4.d4 cxd4 5.Nxd4 Bg7 6.Be3 Nf6 7.Nxc6 bxc6 8.e5 Ng8
9.Bd4 Qa5 10.e6 Nf6 11.exd7+ Bxd7 12.Bc4 Rd8 13.Qe2 Bg4 14.Qe5 Qxe5+ 15.Bxe5 O-O
16.O-O Nd5 17.Bxg7 Kxg7 18.Na4 Nb6 19.Bb3 Nxa4 20.Bxa4 Rd2 21.Rac1 c5 22.f3 Be6
23.a3 Rfd8 24.Rf2 R2d4 25.b3 a5 26.Re2 Kf6 27.Rce1 Rd2 28.Bb5 Bf5 29.c3 Rc2
30.g4 Rxe2 31.Rxe2 Rd1+ 32.Kf2 Bd3 33.Bxd3 Rxd3 34.Re3 Rd2+ 35.Re2 Rd3 36.Re3 Rd2+
37.Kg3 Ra2 38.a4 c4 39.bxc4 Rxa4 40.g5+ Kxg5 41.Rxe7 Kf6 42.Rc7 Ra3 43.Kf4 Rxc3
44.Rc6+ Ke7 45.Ke4 a4 46.f4 a3 47.Kd5 Rd3+ 48.Kc5 Rd1 49.Ra6 Ra1 50.Kb4 a2
51.Kb3 h5 52.Rxa2 Rf1 53.Kb4 Rxf4 54.Kc5 Kd7 55.Rd2+ Kc7 56.Kb5 Rf5+ 57.c5 Re5
58.Ra2 Kb7 59.Rd2 Kc7 60.Ra2 f5 61.Ra7+ Kb8 62.Rg7 Re6 63.Rf7 Kc8 64.Kc4 Ra6
65.Kd5 h4 66.Rh7 g5 67.Ke5 Rc6 68.Kd5 Rg6 69.c6 g4 70.Rxh4 f4 71.Kc5 f3 72.Kb6 Kd8
73.Rh7 Ke8 74.Ra7 Re6  1/2-1/2

[Event "RUS-ch U14"]
[Site "Nizhnij Novgorod"]
[Date "1999.??.??"]
[Round "?"]
[White "Anisimov, Pavel"]
[Black "Pervushov, Maksim"]
[Result "1-0"]
[WhiteElo "2295"]
[BlackElo "2160"]

1.e4 c5 2.Nf3 Nc6 3.Nc3 g6 4.d4 cxd4 5.Nxd4 Bg7 6.Be3 Nf6 7.Bc4 O-O 8.h3 a6
9.Bb3 b5 10.Nxc6 dxc6 11.e5 Qxd1+ 12.Rxd1 Nd7 13.f4 e6 14.Ne4 Rd8 15.Bc5 Bf8
16.Nf6+ Kg7 17.Bb6 Nxb6 18.Rxd8 a5 19.c3 a4 20.Bc2 Nd5 21.Be4 Bb7 22.Rxa8 Bxa8
23.Nxd5 cxd5 24.Bf3 Bb7 25.b3 Ba6 26.Be2 axb3 27.axb3 Bc5 28.Kd2 d4 29.b4 dxc3+
30.Kxc3 Be3 31.Rf1 Bb7 32.Bf3 Bd5 33.Bxd5 exd5 34.Rd1 Bxf4 35.Rxd5 Kf8 36.Rxb5 Ke7
37.Kd4 Ke6 38.Rb6+ Kf5 39.Rf6+ Kg5 40.Rxf7  1-0

[Event "RUS-ch sf"]
[Site "Novosibirsk"]
[Date "1999.??.??"]
[Round "6"]
[White "Frolov, Denis"]
[Black "Bogachkov, Igor"]
[Result "1/2-1/2"]
[WhiteElo "2399"]
[BlackElo "2345"]

1.e4 c5 2.Nf3 Nc6 3.Nc3 e5 4.Bc4 d6 5.d3 h6 6.O-O g5 7.Ne1 Nge7 8.g3 Rg8
9.Kh1 Nd4 10.Nd5 Nxd5 11.Bxd5 Qf6 12.c3 Nc6 13.Qb3 h5 14.f3 h4 15.f4 Qe7
16.Ng2 Be6 17.Ne3 Qd7 18.h3 Be7 19.Bd2 Bd8 20.a4 Rb8 21.Rg1 Ne7 22.Bc4 Nc6
23.Qc2 Bxc4 24.dxc4 f5 25.Rgd1 Bc7 26.Be1 Qe6 27.Bf2 Rg7 28.Rd2 Rd7 29.Rad1 Ne7
30.Qb3 Rdd8 31.Qc2 a6 32.b3 b6 33.Qd3 Qd7 34.Ra2 Qc6 35.Qb1 Rb7 36.Rad2 Rdb8
37.Qa2 Rd8 38.b4 a5 39.Rb2 axb4 40.cxb4 Ra8 41.b5 Qd7 42.Be1 Bd8 43.Qb3 Rba7
44.Ra2 Rb7 45.Bc3 Bc7 46.Qc2 Qe6 47.Rda1 Rba7 48.Qd2 Qd7 49.a5 Qd8 50.axb6 Rxa2
51.Rxa2 Bxb6 52.Rxa8 Qxa8 53.Qxd6 Qa3 54.Qd2 Qb3 55.Qc2 Qa3 56.Kh2 Ba5 57.Nd1 Bxc3
58.Nxc3 Qa1 59.Ne2 Qf1 60.Ng1 Nc8 61.Qa4 Nb6 62.Qa6 Nxc4 63.Qc8+  1/2-1/2

[Event "RUS-ch sf"]
[Site "Novosibirsk"]
[Date "1999.??.??"]
[Round "8"]
[White "Vekshenkov, Nikolai"]
[Black "Iskusnyh, Sergei"]
[Result "1/2-1/2"]
[WhiteElo "2384"]
[BlackElo "2486"]

1.e4 c5 2.Nf3 Nc6 3.Nc3 d6 4.d4 cxd4 5.Nxd4 Nf6 6.Be2 g6 7.Nb3 Bg7 8.O-O O-O
9.Re1 a5 10.a4 Be6 11.Bg5 h6 12.Bh4 Bxb3 13.cxb3 Nb4 14.Bc4 Qb6 15.Qe2 e6
16.Rad1 Rad8 17.Rd2 g5 18.Bg3 d5 19.exd5 exd5 20.Bb5 d4 21.Nb1 Nfd5  1/2-1/2

[Event "GER-ch U16 Girls"]
[Site "Oberhof"]
[Date "1999.??.??"]
[Round "?"]
[White "Helm, Leonie"]
[Black "Mietzner, Tina"]
[Result "1/2-1/2"]
[WhiteElo "1980"]
[BlackElo "2085"]

1.e4 c5 2.Nc3 Nc6 3.Nge2 e5 4.g3 d6 5.Bg2 g6 6.O-O Bg7 7.Nd5 Nge7 8.Nec3 Nxd5
9.Nxd5 Ne7 10.Nxe7 Qxe7 11.f4 exf4 12.gxf4 Qh4 13.c3 O-O 14.d4 cxd4 15.cxd4 Bh3
16.Be3 Bxg2 17.Kxg2 Rac8 18.Qd3 Qg4+ 19.Kh1 Qh3 20.Rf2 Rc7 21.Raf1 Rfc8 22.Rf3 Qe6
23.d5 Qe8 24.R1f2 Rc4 25.e5 dxe5 26.fxe5 Qxe5 27.Rxf7 Rb4 28.d6 Rd8 29.d7 Rxb2
30.Rxg7+ Qxg7 31.Qd5+ Kh8 32.Bd4 Rxf2 33.Bxg7+ Kxg7 34.Qe5+ Kg8 35.Qe8+ Rf8
36.Qe6+ Rf7 37.Qe8+ Rf8 38.Qe6+ Rf7  1/2-1/2

[Event "GER-ch U18"]
[Site "Oberhof"]
[Date "1999.??.??"]
[Round "3"]
[White "Grafl, Florian"]
[Black "Haensel, Thomas"]
[Result "1/2-1/2"]
[WhiteElo "2258"]
[BlackElo "2207"]

1.e4 c5 2.Nc3 Nc6 3.Nf3 d6 4.Bb5 e5 5.d3 Be7 6.O-O Be6 7.Nd5 a6 8.Bxc6+ bxc6
9.Nxe7 Nxe7 10.Ng5 O-O 11.f4 exf4 12.Bxf4 Qd7 13.Qd2 Ng6 14.Bg3 f6 15.Nf3 Ne5
16.Bxe5 fxe5 17.Rf2 Rf4 18.b3 Raf8 19.Raf1 Qd8 20.a4 h6 21.g3 R4f6 22.Nh4 Bh3
23.Rxf6 Rxf6 24.Rxf6 Qxf6 25.Qf2 Qg5 26.Qe1 Qh5 27.Ng2 Bxg2  1/2-1/2

[Event "Presov op"]
[Site "Presov"]
[Date "1999.??.??"]
[Round "6"]
[White "Petrienko, Vladimir"]
[Black "Kopjonkin, Gennady"]
[Result "1-0"]
[WhiteElo "2435"]
[BlackElo "2308"]

1.e4 c5 2.Nc3 Nc6 3.Nf3 d6 4.d4 cxd4 5.Nxd4 Nf6 6.Bc4 Qb6 7.Nde2 e6 8.O-O Be7
9.a3 a6 10.Ba2 O-O 11.Kh1 Bd7 12.f4 Rac8 13.Qd3 Qc7 14.Qh3 b5 15.f5 exf5
16.exf5 Ne5 17.Bg5 Bc6 18.Nf4 Bb7 19.Rae1 Qd8 20.Re3 Rc5 21.Rg3 Kh8 22.Qh4 Bc8
23.Nh5 Nxh5 24.Bxe7 Nxg3+ 25.hxg3 Qe8 26.Ne4 Rxc2 27.Nf6 h6 28.Nxe8 Rxe8
29.Bd5 Rd2 30.Bf3 Bxf5 31.Bf6 Kg8 32.Qf4 Nxf3 33.Qxf5 Rf2 34.Rc1 gxf6 35.gxf3  1-0

[Event "Rowy op"]
[Site "Rowy"]
[Date "1999.??.??"]
[Round "7"]
[White "Kovalev, Andrei"]
[Black "Sveshnikov, Evgeny"]
[Result "1-0"]
[WhiteElo "2459"]
[BlackElo "2563"]

1.e4 c5 2.Nf3 Nc6 3.Nc3 e5 4.Bc4 d6 5.d3 Be7 6.O-O Nf6 7.Ng5 O-O 8.f4 exf4
9.Bxf4 h6 10.Nf3 Be6 11.Nd5 Bxd5 12.exd5 Na5 13.Nh4 Nxc4 14.dxc4 Qd7 15.Bd2 Qg4
16.Nf5 Rfe8 17.Rf3 Kh7 18.Qf1 Bf8 19.Rf4 Qe2 20.Bc3 Qxf1+ 21.Raxf1 Ne4 22.Be1 g6
23.Ng3 f5 24.Nxe4 fxe4 25.Rf7+ Kg8 26.Rxb7 Bg7 27.Rff7 Bd4+ 28.Kf1 Bxb2 29.c3 Rf8
30.Rxf8+ Rxf8+ 31.Ke2 Bc1 32.Bg3 e3 33.Rb1 Bd2 34.Kd3 Rf6 35.a4 a5 36.Rb6 Rf1
37.Rxd6 Rc1 38.Be5 Rd1 39.Rxg6+ Kf7 40.Rf6+ Ke8 41.Bf4 Bc1+ 42.Kc2 Rg1 43.g3 h5
44.Re6+ Kd7 45.Bxe3 Bxe3 46.Rxe3 Rg2+ 47.Kb3 Rxh2 48.Re4 Rh3 49.Rh4 Rxg3
50.Rxh5 Rg6 51.Rh7+ Ke8 52.Ra7  1-0

[Event "San Felipe zt"]
[Site "San Felipe"]
[Date "1999.??.??"]
[Round "4"]
[White "Soto Paez, Oliver"]
[Black "Santa, Luis A"]
[Result "1-0"]
[WhiteElo "2323"]
[BlackElo "2222"]

1.e4 c5 2.Nf3 Nc6 3.Nc3 g6 4.d4 cxd4 5.Nxd4 Bg7 6.Be3 Nf6 7.Bc4 O-O 8.Bb3 d6
9.f3 Bd7 10.Qd2 Nxd4 11.Bxd4 b5 12.h4 a5 13.a3 Rb8 14.h5 Nxh5 15.Bxg7 Kxg7
16.g4 Nf6 17.Qh6+ Kg8 18.Nd5 Re8 19.Nxf6+  1-0

[Event "Santiago op"]
[Site "Santiago"]
[Date "1999.??.??"]
[Round "9"]
[White "San Martin, Epiro"]
[Black "Rios, Adan"]
[Result "1-0"]
[WhiteElo "2155"]
[BlackElo "2053"]

1.e4 c5 2.Nf3 Nc6 3.Nc3 d6 4.d4 cxd4 5.Nxd4 Nf6 6.Bc4 Qb6 7.Nb3 e6 8.Bf4 Ne5
9.Be2 a6 10.Be3 Qc7 11.f4 Nc4 12.Bxc4 Qxc4 13.Qf3 Be7 14.O-O-O Bd7 15.g4 Bc6
16.Rd4 Bxe4 17.Nxe4 Qc7 18.Nc3 Rc8 19.Kb1 d5 20.Rc1 O-O 21.g5 Nd7 22.f5 Ne5
23.Qh3 Qd7 24.Rh4 exf5 25.Rxh7 Ng6 26.Bd4 f6 27.Qh5 Qe8 28.Nxd5  1-0

[Event "Paulisto-ch"]
[Site "Sao Caetano"]
[Date "1999.??.??"]
[Round "3"]
[White "Milos, Gilberto"]
[Black "Lucena, Lincoln"]
[Result "1-0"]
[WhiteElo "2586"]
[BlackElo "2249"]

1.e4 c5 2.Nf3 Nc6 3.Nc3 h6 4.d4 cxd4 5.Nxd4 e5 6.Nf5 Nf6 7.Bc4 d6 8.O-O Be6
9.Bb3 Qd7 10.f4 Bxf5 11.exf5 Be7 12.Be3 O-O 13.g4 exf4 14.Rxf4 Ne5 15.Qe2 a6
16.Rd1 Rad8 17.Qg2 Qc6 18.Nd5 Nxd5 19.Bxd5 Qc7 20.Kh1 b5 21.Rfd4 Bg5 22.Bf2 Qb8
23.Bb3 Be7 24.c3 Kh8 25.a4 Qa8 26.Bd5 Qb8 27.h4 g5 28.Be3 Kg7 29.Qd2 Rh8
30.Kg2 f6 31.axb5 axb5 32.Rb4 Qc7 33.Rxb5 Rb8 34.Rxb8 Rxb8 35.Qe2 Qa5 36.b4 Qa4
37.Rd2 Rc8 38.Ra2 Qd7 39.Bd4 Rc7 40.b5 Rc5 41.Bxc5 dxc5 42.c4 h5 43.hxg5 hxg4
44.Qe4 Bd6 45.b6  1-0